<?xml version="1.0" encoding="UTF-8"?>
<collection xmlns="http://www.loc.gov/MARC21/slim">
<record>
  <controlfield tag="001">132213</controlfield>
  <controlfield tag="005">20260217205455.0</controlfield>
  <datafield tag="024" ind1="7" ind2=" ">
    <subfield code="2">doi</subfield>
    <subfield code="a">10.3233/JAE-230182</subfield>
  </datafield>
  <datafield tag="024" ind1="8" ind2=" ">
    <subfield code="2">sideral</subfield>
    <subfield code="a">137343</subfield>
  </datafield>
  <datafield tag="037" ind1=" " ind2=" ">
    <subfield code="a">ART-2024-137343</subfield>
  </datafield>
  <datafield tag="041" ind1=" " ind2=" ">
    <subfield code="a">eng</subfield>
  </datafield>
  <datafield tag="100" ind1=" " ind2=" ">
    <subfield code="a">Mendi-Altube, Amaiur</subfield>
    <subfield code="0">(orcid)0000-0001-5194-7630</subfield>
  </datafield>
  <datafield tag="245" ind1=" " ind2=" ">
    <subfield code="a">Electro-thermal modeling of an induction heating process of 42CrMo4 steel probe</subfield>
  </datafield>
  <datafield tag="260" ind1=" " ind2=" ">
    <subfield code="c">2024</subfield>
  </datafield>
  <datafield tag="506" ind1="0" ind2=" ">
    <subfield code="a">Access copy available to the general public</subfield>
    <subfield code="f">Unrestricted</subfield>
  </datafield>
  <datafield tag="520" ind1="3" ind2=" ">
    <subfield code="a">This paper describes the procedure of electromagnetic and thermal modeling of an induction hardening load of 42CrMo4 steel. In addition to the temperature and field level dependent physical properties of the material, the magnetic behavior of the load is captured by means of some kind of non-linear impedance boundary condition which simplifies the computational cost of the simulation. The numerical results show the critical behavior around Curie temperature. Finally, a comparison between several simulation results and experimental measurements are provided to assess the usefulness of the proposed electro-thermal simulation.</subfield>
  </datafield>
  <datafield tag="540" ind1=" " ind2=" ">
    <subfield code="9">info:eu-repo/semantics/openAccess</subfield>
    <subfield code="a">All rights reserved</subfield>
    <subfield code="u">http://www.europeana.eu/rights/rr-f/</subfield>
  </datafield>
  <datafield tag="590" ind1=" " ind2=" ">
    <subfield code="a">0.7</subfield>
    <subfield code="b">2024</subfield>
  </datafield>
  <datafield tag="591" ind1=" " ind2=" ">
    <subfield code="a">ENGINEERING, ELECTRICAL &amp; ELECTRONIC</subfield>
    <subfield code="b">330 / 368 = 0.897</subfield>
    <subfield code="c">2024</subfield>
    <subfield code="d">Q4</subfield>
    <subfield code="e">T3</subfield>
  </datafield>
  <datafield tag="591" ind1=" " ind2=" ">
    <subfield code="a">PHYSICS, APPLIED</subfield>
    <subfield code="b">174 / 187 = 0.93</subfield>
    <subfield code="c">2024</subfield>
    <subfield code="d">Q4</subfield>
    <subfield code="e">T3</subfield>
  </datafield>
  <datafield tag="591" ind1=" " ind2=" ">
    <subfield code="a">MECHANICS</subfield>
    <subfield code="b">153 / 171 = 0.895</subfield>
    <subfield code="c">2024</subfield>
    <subfield code="d">Q4</subfield>
    <subfield code="e">T3</subfield>
  </datafield>
  <datafield tag="592" ind1=" " ind2=" ">
    <subfield code="a">0.204</subfield>
    <subfield code="b">2024</subfield>
  </datafield>
  <datafield tag="593" ind1=" " ind2=" ">
    <subfield code="a">Condensed Matter Physics</subfield>
    <subfield code="c">2024</subfield>
    <subfield code="d">Q4</subfield>
  </datafield>
  <datafield tag="593" ind1=" " ind2=" ">
    <subfield code="a">Electrical and Electronic Engineering</subfield>
    <subfield code="c">2024</subfield>
    <subfield code="d">Q4</subfield>
  </datafield>
  <datafield tag="593" ind1=" " ind2=" ">
    <subfield code="a">Mechanics of Materials</subfield>
    <subfield code="c">2024</subfield>
    <subfield code="d">Q4</subfield>
  </datafield>
  <datafield tag="593" ind1=" " ind2=" ">
    <subfield code="a">Mechanical Engineering</subfield>
    <subfield code="c">2024</subfield>
    <subfield code="d">Q4</subfield>
  </datafield>
  <datafield tag="593" ind1=" " ind2=" ">
    <subfield code="a">Electronic, Optical and Magnetic Materials</subfield>
    <subfield code="c">2024</subfield>
    <subfield code="d">Q4</subfield>
  </datafield>
  <datafield tag="594" ind1=" " ind2=" ">
    <subfield code="a">2.0</subfield>
    <subfield code="b">2024</subfield>
  </datafield>
  <datafield tag="655" ind1=" " ind2="4">
    <subfield code="a">info:eu-repo/semantics/article</subfield>
    <subfield code="v">info:eu-repo/semantics/acceptedVersion</subfield>
  </datafield>
  <datafield tag="700" ind1=" " ind2=" ">
    <subfield code="a">Villar, Irma</subfield>
  </datafield>
  <datafield tag="700" ind1=" " ind2=" ">
    <subfield code="a">Carretero, Claudio</subfield>
    <subfield code="u">Universidad de Zaragoza</subfield>
    <subfield code="0">(orcid)0000-0001-7901-9174</subfield>
  </datafield>
  <datafield tag="700" ind1=" " ind2=" ">
    <subfield code="a">Acero, Jesús</subfield>
    <subfield code="u">Universidad de Zaragoza</subfield>
    <subfield code="0">(orcid)0000-0001-7207-5536</subfield>
  </datafield>
  <datafield tag="710" ind1="2" ind2=" ">
    <subfield code="1">2002</subfield>
    <subfield code="2">385</subfield>
    <subfield code="a">Universidad de Zaragoza</subfield>
    <subfield code="b">Dpto. Física Aplicada</subfield>
    <subfield code="c">Área Física Aplicada</subfield>
  </datafield>
  <datafield tag="710" ind1="2" ind2=" ">
    <subfield code="1">5008</subfield>
    <subfield code="2">785</subfield>
    <subfield code="a">Universidad de Zaragoza</subfield>
    <subfield code="b">Dpto. Ingeniería Electrón.Com.</subfield>
    <subfield code="c">Área Tecnología Electrónica</subfield>
  </datafield>
  <datafield tag="773" ind1=" " ind2=" ">
    <subfield code="g">75, 2 (2024), 169-178</subfield>
    <subfield code="p">Int. j. appl. electromagn. mech.</subfield>
    <subfield code="t">International journal of applied electromagnetics and mechanics</subfield>
    <subfield code="x">1383-5416</subfield>
  </datafield>
  <datafield tag="856" ind1="4" ind2=" ">
    <subfield code="s">10613523</subfield>
    <subfield code="u">http://zaguan.unizar.es/record/132213/files/texto_completo.pdf</subfield>
    <subfield code="y">Postprint</subfield>
  </datafield>
  <datafield tag="856" ind1="4" ind2=" ">
    <subfield code="s">1491808</subfield>
    <subfield code="u">http://zaguan.unizar.es/record/132213/files/texto_completo.jpg?subformat=icon</subfield>
    <subfield code="x">icon</subfield>
    <subfield code="y">Postprint</subfield>
  </datafield>
  <datafield tag="909" ind1="C" ind2="O">
    <subfield code="o">oai:zaguan.unizar.es:132213</subfield>
    <subfield code="p">articulos</subfield>
    <subfield code="p">driver</subfield>
  </datafield>
  <datafield tag="951" ind1=" " ind2=" ">
    <subfield code="a">2026-02-17-20:20:10</subfield>
  </datafield>
  <datafield tag="980" ind1=" " ind2=" ">
    <subfield code="a">ARTICLE</subfield>
  </datafield>
</record>
</collection>